Catálogo
 En Linea

Teorías contemporáneas sobrelas relaciones internacionales / (Registro nro. 22698)

Detalles MARC
000 -CABECERA
campo de control de longitud fija 01017nam a2200265 a 4500
001 - NÚMERO DE CONTROL
campo de control 000023201
005 - FECHA Y HORA DE LA ÚLTIMA TRANSACCIÓN
campo de control 20260520104306.0
008 - DATOS DE LONGITUD FIJA--INFORMACIÓN GENERAL
campo de control de longitud fija 101130s1979 mx 000 0 spa d
020 ## - NÚMERO INTERNACIONAL ESTÁNDAR DEL LIBRO
Número Internacional Estándar del Libro 8430908005
040 ## - FUENTE DE LA CATALOGACIÓN
Centro catalogador/agencia de origen DO-SdBNP
Lengua de catalogación spa
Centro/agencia transcriptor BNPHU
041 17 - CÓDIGO DE LENGUA
Código de lengua del texto/banda sonora o título independiente spa
Código de lengua del sumario o resumen eng
Fuente del código Código de idiomas MARC
082 ## - NÚMERO DE LA CLASIFICACIÓN DECIMAL DEWEY
Número de clasificación 327
Número de documento/Ítem H711c
049 ## - FONDOS LOCALES (OCLC)
Fondos de biblioteca BNGR
100 1# - ENTRADA PRINCIPAL--NOMBRE DE PERSONA
Nombre de persona Hoffmann, Stanley H.
9 (RLIN) 47758
240 10 - TÍTULO UNIFORME
Título uniforme Contemporary theory in internaticonal relation.
Lenguaje de la obra Español
245 10 - MENCIÓN DE TÍTULO
Título Teorías contemporáneas sobrelas relaciones internacionales /
Mención de responsabilidad, etc. Stanley H. Hoffmann ; traducción M. D. López Martínez.
260 ## - PUBLICACIÓN, DISTRIBUCIÓN, ETC.
Lugar de publicación, distribución, etc. Madrid :
Nombre del editor, distribuidor, etc. Tecnos,
Fecha de publicación, distribución, etc. 1979.
300 ## - DESCRIPCIÓN FÍSICA
Extensión 351 p. ;
Dimensiones 23 cm.
490 1# - MENCIÓN DE SERIE
Mención de serie Ciencias Sociales. Relaciones internacionales
534 ## - NOTA SOBRE LA VERSIÓN ORIGINAL
Encabezamiento principal del original [Título en inglés] ;
Mención de título del original Contemporary theory in international relations
500 ## - NOTA GENERAL
Nota general Incluye índice alfabético.
650 #0 - PUNTO DE ACCESO ADICIONAL DE MATERIA--TÉRMINO DE MATERIA
Término de materia o nombre geográfico como elemento de entrada Relaciones internacionales
9 (RLIN) 399
700 1# - PUNTO DE ACCESO ADICIONAL--NOMBRE DE PERSONA
Nombre de persona López Martínez, M. D.,
Término indicativo de función/relación tr.
9 (RLIN) 47759
830 #0 - PUNTO DE ACCESO ADICIONAL DE SERIE-TÍTULO UNIFORME
Título uniforme Ciencias Sociales.
Nombre de parte o sección de la obra Relaciones internacionales
9 (RLIN) 47760
Existencias
Estado de retiro Estado de pérdida Restricciones de uso No para préstamo Código de colección Localización permanente Ubicación/localización actual Ubicación en estantería Fecha de adquisición Número de inventario Total de préstamos Signatura topográfica completa Código de barras Fecha visto por última vez Precio válido a partir de Tipo de ítem Koha
        Monografías: Libros y Folletos General General En catalogación 30.11.2010 LF1   327 H711c 23201-10 25.06.2020 25.06.2020 Préstamo en sala

Con tecnología Koha